000 01008nam a2200265 a 4500
001 000044773
005 20260129095557.0
008 150109s2014 dr 000 0 spa d
020 _a9789945009859
040 _aDO-SdBNP
_bspa
_cBNPHU
082 _a150.1
_bG377c
100 1 _aGerónimo de Abreu, Rosanna
_972786
245 1 4 _aLas cárceles del carácter /
_cRosanna Gerónimo de Abreu ; editor general Daniel Abreu Gerónimo ; prólogo Azarias Silva.
260 _aSanto Domingo :
_bMovimiento Mundial de Avivamiento,
_c2014.
300 _a123 p. ;
_c21 cm.
500 _aIncluye datos biográficos de la autora en la contracubierta
590 _aLa biblioteca posee 3 ejemplares autográfiados por el autor
590 _aInventariado, 2018/LP
650 0 _aConducta (Psicología)
_9673
650 0 _aPersonalidad
_9395
650 0 _aSalud mental
_9803
700 1 2 _aAbreu Gerónimo, Daniel,
_eed.
_972787
700 1 2 _aSilva, Azarias,
_epról.
_972788
910 _aValidado. Control de calidad MFF
999 _c44262
_d44262